00622nam a2200169Ia 4500952014700000999001700147003000400164005001700168008004100185040001800226082002200244100003200266245005900298260003600357300000900393942005000402 00102ddc40708POLITICAL SCIENCEaMESbMEScPOLd2019-02-20g550.00l0o320.010954 MUK/Pp30533r2019-02-20 00:00:00w2019-02-20yBKzGL10R1 c21086d21086OSt20200605152810.0190216s9999||||xx |||||||||||||| ||und|| c9788180691591 a320.010954bMUK/P aMukherji,Rabindranath92562 0aPhilosophy In Indian Politics /cRabindranath Mukherji bConcept Pub,aNew Delhi:c2005. a284p cBK2ddch320.010954iMUK/Pk320.010954mMUK/P